| 000 | 00367nam a2200145Ia 4500 | ||
|---|---|---|---|
| 008 | 150201s2003 xx 000 0 und d | ||
| 082 |
_a617.525 _bT2003W |
||
| 100 | _aWRAY,DAVID | ||
| 245 | _aTEXT BOOK OF GENERAL & ORAL SURGERY | ||
| 250 | _a1ST | ||
| 260 |
_bCHURCHILL LIVINGSTONE _aEDINBURGH _c2003 |
||
| 300 | _a1-322 | ||
| 650 | _aORAL SURGERY | ||
| 942 |
_2ddc _cBK |
||
| 999 |
_c3599 _d3599 |
||